Statistics for Hungary First Level Subdivisions

Click here to take the quiz!

General Stats

  • This quiz has been taken 218 times
  • The average score is 12 of 20

Answer Stats

Megye% Correct
Budapest
96%
Pest
83%
Vas
73%
Zala
70%
Fejér
64%
Bács-Kiskun
60%
Nógrád
60%
Békés
58%
Veszprém
58%
Baranya
56%
Tolna
56%
Somogy
55%
Győr-Moson-Sopron
54%
Hajdú-Bihar
54%
Heves
52%
Csongrád
51%
Komárom-Esztergom
50%
Borsod-Abaúj-Zemplén
49%
Szabolcs-Szatmár-Bereg
48%
Jász-Nagykun-Szolnok
45%

Score Distribution

Percentile by Number Answered

Percent of People with Each Score

Your Score History

You have not taken this quiz